Distributed Systems: (Record no. 235)

MARC details
000 -LEADER
fixed length control field 00654nam a22002177a 4500
005 - DATE AND TIME OF LATEST TRANSACTION
control field 20230316064104.0
008 - FIXED-LENGTH DATA ELEMENTS--GENERAL INFORMATION
fixed length control field 230315b |||||||| |||| 00| 0 eng d
020 ## - INTERNATIONAL STANDARD BOOK NUMBER
International Standard Book Number 9788131706244 (pbk)
040 ## - CATALOGING SOURCE
Original cataloging agency KMU
Transcribing agency KMU
050 ## - LIBRARY OF CONGRESS CALL NUMBER
Classification number QA 76.9.D5 2005
100 ## - MAIN ENTRY--PERSONAL NAME
Personal name Coulouris George
245 ## - TITLE STATEMENT
Title Distributed Systems:
Remainder of title Concepts and Design/
Statement of responsibility, etc. George Coulouris,Jean Dollimore and Tim Kindberg.
250 ## - EDITION STATEMENT
Edition statement Fourth Edition.
260 ## - PUBLICATION, DISTRIBUTION, ETC.
Place of publication, distribution, etc. India:
Name of publisher, distributor, etc. Dorling Kindersley,
Date of publication, distribution, etc. 2005.
300 ## - PHYSICAL DESCRIPTION
Extent 941 pages.:
Other physical details ill.;
Dimensions 23cm.
500 ## - GENERAL NOTE
General note Include references and index.
650 ## - SUBJECT ADDED ENTRY--TOPICAL TERM
Topical term or geographic name entry element Systems.
700 ## - ADDED ENTRY--PERSONAL NAME
Personal name Dollimore Jean.
700 ## - ADDED ENTRY--PERSONAL NAME
Personal name Kindberg Tim.
942 ## - ADDED ENTRY ELEMENTS (KOHA)
Source of classification or shelving scheme Library of Congress Classification
Koha item type Non-Fiction
Suppress in OPAC No
Holdings
Withdrawn status Lost status Source of classification or shelving scheme Damaged status Not for loan Collection Home library Current library Shelving location Date acquired Total Checkouts Full call number Barcode Date last seen Date last checked out Price effective from Koha item type
    Library of Congress Classification     Non-fiction Kapasa Makasa University Kapasa Makasa University Open Access 15.03.2023 3 QA 76.9.D5 2005 300145 29.07.2025 05.02.2025 15.03.2023 Non-Fiction
    Library of Congress Classification     Non-fiction Kapasa Makasa University Kapasa Makasa University Open Access 16.03.2023   QA 76.9.D5 2005 300144 16.03.2023   16.03.2023 Non-Fiction